000289148 001__ 289148
000289148 005__ 20240928180606.0
000289148 0247_ $$aG:(GEPRIS)264484440$$d264484440
000289148 035__ $$aG:(GEPRIS)264484440
000289148 040__ $$aGEPRIS$$chttp://gepris.its.kfa-juelich.de
000289148 150__ $$aOpen Access Publizieren 2020 / Universität Potsdam$$y2014 - 2022
000289148 371__ $$aProfessor Dr. Robert Seckler
000289148 450__ $$aDFG project G:(GEPRIS)264484440$$wd$$y2014 - 2022
000289148 5101_ $$0I:(DE-588b)2007744-0$$aDeutsche Forschungsgemeinschaft$$bDFG
000289148 680__ $$aDie Universität Potsdam, die größte Hochschule des Landes Brandenburg, stellt ihren sechsten und letzten Antrag im DFG-Programm Open Access Publizieren für das Jahr 2020. Der erste Antrag der Universität in diesem Programm wurde 2014 bewilligt, die letzte Bewilligung wurde 2018 für das Jahr 2019 ausgesprochen.
000289148 909CO $$ooai:juser.fz-juelich.de:955891$$pauthority$$pauthority:GRANT
000289148 909CO $$ooai:juser.fz-juelich.de:955891
000289148 980__ $$aG
000289148 980__ $$aAUTHORITY